<?xml version="1.0" encoding="UTF-8"?><?xml-stylesheet type="text/xsl" href="static/style.xsl"?><OAI-PMH xmlns="http://www.openarchives.org/OAI/2.0/" xmlns:xsi="http://www.w3.org/2001/XMLSchema-instance" xsi:schemaLocation="http://www.openarchives.org/OAI/2.0/ http://www.openarchives.org/OAI/2.0/OAI-PMH.xsd"><responseDate>2026-04-17T01:24:10Z</responseDate><request verb="GetRecord" identifier="oai:www.recercat.cat:2445/192386" metadataPrefix="marc">https://recercat.cat/oai/request</request><GetRecord><record><header><identifier>oai:recercat.cat:2445/192386</identifier><datestamp>2025-12-04T22:44:14Z</datestamp><setSpec>com_2072_1057</setSpec><setSpec>col_2072_478825</setSpec><setSpec>col_2072_478917</setSpec></header><metadata><record xmlns="http://www.loc.gov/MARC21/slim" xmlns:dcterms="http://purl.org/dc/terms/" xmlns:xsi="http://www.w3.org/2001/XMLSchema-instance" xmlns:doc="http://www.lyncode.com/xoai" xsi:schemaLocation="http://www.loc.gov/MARC21/slim http://www.loc.gov/standards/marcxml/schema/MARC21slim.xsd">
   <leader>00925njm 22002777a 4500</leader>
   <datafield ind2=" " ind1=" " tag="042">
      <subfield code="a">dc</subfield>
   </datafield>
   <datafield ind2=" " ind1=" " tag="720">
      <subfield code="a">Schuitemaker R., J.B.</subfield>
      <subfield code="e">author</subfield>
   </datafield>
   <datafield ind2=" " ind1=" " tag="720">
      <subfield code="a">Sala-Blanch, Xavier</subfield>
      <subfield code="e">author</subfield>
   </datafield>
   <datafield ind2=" " ind1=" " tag="720">
      <subfield code="a">Sánchez Cohen, A.P.</subfield>
      <subfield code="e">author</subfield>
   </datafield>
   <datafield ind2=" " ind1=" " tag="720">
      <subfield code="a">López-Pantaleon, L.A.</subfield>
      <subfield code="e">author</subfield>
   </datafield>
   <datafield ind2=" " ind1=" " tag="720">
      <subfield code="a">Mayoral R., J.T.</subfield>
      <subfield code="e">author</subfield>
   </datafield>
   <datafield ind2=" " ind1=" " tag="720">
      <subfield code="a">Cubedo Culleré, Marta</subfield>
      <subfield code="e">author</subfield>
   </datafield>
   <datafield ind2=" " ind1=" " tag="260">
      <subfield code="c">2023-01-20T09:03:32Z</subfield>
   </datafield>
   <datafield ind2=" " ind1=" " tag="260">
      <subfield code="c">2023-01-20T09:03:32Z</subfield>
   </datafield>
   <datafield ind2=" " ind1=" " tag="260">
      <subfield code="c">2019-02</subfield>
   </datafield>
   <datafield ind2=" " ind1=" " tag="260">
      <subfield code="c">2023-01-20T09:03:32Z</subfield>
   </datafield>
   <datafield ind2=" " ind1=" " tag="520">
      <subfield code="a">Introducción La cirugía protésica de mama es un procedimiento de cirugía plástica muy común, cuyo manejo analgésico postoperatorio es un reto para el equipo quirúrgico. El propósito del presente estudio fue validar la eficacia analgésica del bloqueo de los nervios pectorales y plano del serrato en mamoplastia de aumento retropectoral. Pacientes y métodos Se diseñó un ensayo clínico, controlado, aleatorizado, triple ciego, que incluyó a 30 pacientes intervenidas mediante mamoplastia de aumento retropectoral. En ambos grupos se realizaron bloqueo pectoral modificado y bloqueo del plano serrato con un volumen total de 40 ml por mama. En 15 de ellas se inyectó bupivacaína 0,25% con epinefrina (GPEC), y en las otras 15 se administró suero fisiológico (GC). Se hizo manejo estandarizado de la anestesia y la analgesia postoperatoria. Se midieron parámetros hemodinámicos intraoperatorios, necesidad de analgesia postoperatoria y la escala numérica verbal a su llegada a reanimación, a las 3, 6 y 24 h, así como la calidad percibida por los pacientes y cirujanos. Resultados En el postoperatorio inmediato, se pudo percibir una disminución del dolor en las pacientes del GPEC (5,3 ± 2,3 vs. 2,9 ± 2,7; p = 0,018). No se observaron diferencias significativas a las 3, 6 y 24 h. Los cirujanos valoraron la calidad anestésico-analgésica como muy buena en el 80% de los casos en el GPEC frente al 33% en el GC (p = 0,01). Conclusiones El uso de estos bloqueos es una buena estrategia analgésica perioperatoria en el manejo multimodal en la mamoplastia de aumento retropectoral.</subfield>
   </datafield>
   <datafield tag="653" ind2=" " ind1=" ">
      <subfield code="a">Mastoplàstia</subfield>
   </datafield>
   <datafield tag="653" ind2=" " ind1=" ">
      <subfield code="a">Dolor postoperatori</subfield>
   </datafield>
   <datafield tag="653" ind2=" " ind1=" ">
      <subfield code="a">Blocatge nerviós</subfield>
   </datafield>
   <datafield tag="653" ind2=" " ind1=" ">
      <subfield code="a">Mammaplasty</subfield>
   </datafield>
   <datafield tag="653" ind2=" " ind1=" ">
      <subfield code="a">Postoperative pain</subfield>
   </datafield>
   <datafield tag="653" ind2=" " ind1=" ">
      <subfield code="a">Nerve block</subfield>
   </datafield>
   <datafield ind2="0" ind1="0" tag="245">
      <subfield code="a">Eficacia analgésica del bloqueo pectoral modificado más bloqueo del plano del serrato en mamoplastia subpectoral: ensayo clínico, controlado, aleatorizado, triple ciego.</subfield>
   </datafield>
</record></metadata></record></GetRecord></OAI-PMH>